000 nam a22 7a 4500
999 _c8441
_d8441
008 180116b ||||| |||| 00| 0 eng d
100 _aDas.B.K.
_94843
245 _aBaby Blue Whale's Birthday
260 _aNew Delhi
_bO.L.
_c2004